Tajikistan Country Quiz - Statistics

General Stats
  • This quiz has been taken 21,333 times
    21,285 since last reset
  • The average score is 10 of 14
Answer Stats
Clue Answer % Correct
Religion practiced by 98% of the population Islam
97%
Country from which Tajikistan gained its independence in 1991 Soviet Union
95%
Ancient trade route which passed through the area {Silk} Road
94%
The other lingua franca of Tajikistan Russian
92%
Name one of the two countries that has a higher average elevation than Tajikistan Bhutan | Nepal
91%
Of the four countries bordering Tajikistan, the only one that doesn't end in "Stan" China
91%
Like its neighbor Afghanistan, Tajikistan is a center for the production of this illegal drug Heroin
88%
Region in which Tajikistan lies {Central} Asia
86%
Capital of Tajikistan Dushanbe
77%
Tajik, the official language of Tajikistan, is a dialect of .... Persian
61%
Tajikistan is home to the longest _____ outside of polar regions Glacier
60%
Former name of the above (hint: a brutal dictator) {Stalin}abad
59%
"R" word that refers to financial transfers from expat workers to their home country (which comprise 47% of Tajikistan's GDP) Remittance
28%
Term for the struggle between Great Britain and Russia for control of this area during the 19th century The Great {Game}
27%
No matching quizzes found
Score Distribution
Percent of People with Each Score
Percentile by Number Answered
Your Score History
You have not taken this quiz since the last reset